| 000 | 00530nam a22001937a 4500 | ||
|---|---|---|---|
| 003 | KOHA_MİRAKIL | ||
| 005 | 20251013105721.0 | ||
| 008 | 251013b tu ||||| |||| 00| 0 tur d | ||
| 020 | _a9789756186930 | ||
| 040 |
_aTR-AnABB _btur _cTR-AnABB |
||
| 041 | _atur | ||
| 082 |
_a813.41 _bMEH 2016 |
||
| 100 |
_aMehmet Rauf, _d1874-1931 |
||
| 245 | 1 | 0 |
_aEylül / _cMehmet Rauf |
| 260 |
_aİstanbul : _bTürk Edebiyatı Vakfı, _c2016 |
||
| 300 |
_a271 sayfa ; _c21 cm |
||
| 650 | 0 | 4 | _aTürk edebiyatı, roman |
| 942 |
_2ddc _cBK |
||
| 999 |
_c9131 _d9131 |
||
| 900 | _bGizem YORULMAZ | ||